Contested ecologies : dialogues in the south on nature and knowledge (Record no. 223088)
[ view plain ]
| 000 -LEADER | |
|---|---|
| fixed length control field | 00323nam a2200097Ia 4500 |
| 082 ## - DEWEY DECIMAL CLASSIFICATION NUMBER | |
| Classification number | 304.2|GREE |
| 008 - FIXED-LENGTH DATA ELEMENTS--GENERAL INFORMATION | |
| fixed length control field | 210817s9999 xx 000 0 und d |
| 100 ## - MAIN ENTRY--PERSONAL NAME | |
| Personal name | Green, Lesley, , 1967- Cape Town , South Africa, 2013 |
| 9 (RLIN) | 69046 |
| 245 #0 - TITLE STATEMENT | |
| Title | Contested ecologies : dialogues in the south on nature and knowledge |
| 942 ## - ADDED ENTRY ELEMENTS | |
| item type | Books |
| Withdrawn status | Lost status | Damaged status | Not for loan | Home library | Current library | Date acquired | Cost, normal purchase price | Total Checkouts | Barcode | Date last seen | Price effective from | item type |
|---|---|---|---|---|---|---|---|---|---|---|---|---|
| Emthonjeni PL (MMID-PLEMA-EMTH) | Emthonjeni PL (MMID-PLEMA-EMTH) | 18.08.2021 | 420.00 | 33228021903552 | 18.08.2021 | 18.08.2021 | Books |